[Event "Biel op-B 56th"]
[Site "Biel"]
[Date "2023.07.19"]
[Round "3"]
[White "Aegerter, Fabrice"]
[Black "Zargarov, Mikayel"]
[Result "1-0"]
[WhiteElo "1844"]
[BlackElo "1951"]
[PlyCount "67"]
[EventDate "2023.07.17"]
[EventType "swiss"]
[EventRounds "9"]
[EventCountry "SUI"]
[SourceTitle "EXT 2024"]
[Source "ChessBase"]
[SourceDate "2023.10.10"]
[SourceVersion "1"]
[SourceVersionDate "2023.10.10"]
[SourceQuality "1"]

1. d4 d5 2. Bf4 e6 3. Nf3 Nf6 4. e3 c5 5. Bd3 Nc6 6. c3 Bd6 7. Bg3 0-0 8. Nbd2 b6 9. Qc2 Bb7 10. Ne5 c4 11. Be2 Ne7 12. Bh4 Nf5 13. Bxf6 Qxf6 14. Nd7 Qg5 15. Nxf8 Qxg2 16. Bf3 Qh3 17. Nxh7 Kxh7 18. 0-0-0 g6 19. Rdg1 Qh4 20. Nxc4 Bc7 21. Ne5 Bxe5 22. dxe5 Rc8 23. Rg4 Qh3 24. Qe2 Ba6 25. Qd1 Nh6 26. Rf4 Rc7 27. Bg4 Qh4 28. Bxe6 Qe7 29. Bxd5 Qxe5 30. Qd4 Qd6 31. Rh4 Rd7 32. Rg1 Qxd5 33. Rxh6+ Kxh6 34. Qh8# 1-0

[Event "Cappelle Online Blitz op"]
[Site "Europe Echecs INT"]
[Date "2022.01.09"]
[Round "11"]
[White "Doluhanova, Evgeniya"]
[Black "Zargarov, Mikayel"]
[Result "1-0"]
[WhiteElo "2255"]
[BlackElo "1878"]
[PlyCount "83"]
[EventDate "2022.01.09"]
[EventType "swiss (blitz)"]
[EventRounds "11"]
[EventCountry "FRA"]
[SourceTitle "EXT 2023"]
[Source "ChessBase"]
[SourceDate "2022.10.05"]
[SourceVersion "1"]
[SourceVersionDate "2022.10.05"]
[SourceQuality "1"]

1. e4 c5 2. Nf3 Nc6 3. Bb5 g6 4. 0-0 Bg7 5. c3 e5 6. d3 Nge7 7. Nbd2 0-0 8. Nc4 d6 9. Ne3 a6 10. Ba4 Be6 11. Bb3 Qd7 12. Ng5 Bxb3 13. axb3 h6 14. Nh3 d5 15. f4 dxe4 16. dxe4 Qxd1 17. Rxd1 exf4 18. Nxf4 Rad8 19. Ned5 Be5 20. Be3 Bxf4 21. Bxf4 Nxd5 22. exd5 Ne7 23. Bxh6 Rfe8 24. c4 Nf5 25. Bg5 Rd6 26. Re1 Rxe1+ 27. Rxe1 Rb6 28. g4 Nd4 29. Re8+ Kg7 30. Be7 Rxb3 31. g5 Nf3+ 32. Kf2 Nxg5 33. Bxg5 Rxb2+ 34. Kg3 Rb3+ 35. Be3 Rd3 36. Kf4 b5 37. cxb5 axb5 38. Ke4 Rd1 39. Bxc5 Re1+ 40. Be3 b4 41. Kd3 b3 42. Bd4+ 1-0

[Event "Cappelle Online Blitz op"]
[Site "Europe Echecs INT"]
[Date "2022.01.09"]
[Round "1"]
[White "Guseinov, Gadir"]
[Black "Zargarov, Mikayel"]
[Result "1-0"]
[WhiteElo "2661"]
[BlackElo "1878"]
[PlyCount "43"]
[EventDate "2022.01.09"]
[EventType "swiss (blitz)"]
[EventRounds "11"]
[EventCountry "FRA"]
[SourceTitle "EXT 2023"]
[Source "ChessBase"]
[SourceDate "2022.10.05"]
[SourceVersion "1"]
[SourceVersionDate "2022.10.05"]
[SourceQuality "1"]

1. e4 c5 2. Nc3 Nc6 3. Bb5 Nd4 4. Nf3 e6 5. Bd3 Nc6 6. 0-0 a6 7. Re1 b5 8. Bf1 Bb7 9. d4 cxd4 10. Nxd4 d6 11. a4 b4 12. Na2 a5 13. Bb5 Rc8 14. c3 bxc3 15. b4 Nf6 16. Ba3 Be7 17. bxa5 Qxa5 18. Nb4 Kd7 19. e5 Ne8 20. Qf3 d5 21. Nbxc6 Bxc6 22. Nxc6 1-0

[Event "Cappelle Online Blitz op"]
[Site "Europe Echecs INT"]
[Date "2022.01.09"]
[Round "8"]
[White "Zargarov, Mikayel"]
[Black "Aghamir Alrobiai, Nizar"]
[Result "1-0"]
[WhiteElo "1878"]
[BlackElo "2118"]
[PlyCount "87"]
[EventDate "2022.01.09"]
[EventType "swiss (blitz)"]
[EventRounds "11"]
[EventCountry "FRA"]
[SourceTitle "EXT 2023"]
[Source "ChessBase"]
[SourceDate "2022.10.05"]
[SourceVersion "1"]
[SourceVersionDate "2022.10.05"]
[SourceQuality "1"]

1. d4 Nf6 2. Bg5 e6 3. e4 Be7 4. e5 Nd5 5. Bxe7 Qxe7 6. c4 Qb4+ 7. Nd2 Nf4 8. Qc2 d5 9. a3 Qe7 10. g3 Ng6 11. Bg2 dxc4 12. Nxc4 0-0 13. Ne2 Nd7 14. 0-0 Nb6 15. Ne3 c6 16. f4 Rd8 17. Rac1 h5 18. f5 exf5 19. Nxf5 Qg5 20. Nd6 Rxd6 21. exd6 h4 22. Qc5 Qe3+ 23. Rf2 hxg3 24. Nxg3 Na4 25. Qc2 Bd7 26. Rcf1 Qxd4 27. Ne2 Qe3 28. Qxa4 Re8 29. Qd4 Qg5 30. Rxf7 Nh4 31. R7f2 Bh3 32. Ng3 Bxg2 33. Rxg2 Nxg2 34. Kxg2 c5 35. Qf4 Qd5+ 36. Kg1 Rd8 37. Nf5 Qe6 38. Ne7+ Kh7 39. Qh4+ Qh6 40. Qxh6+ Kxh6 41. Rc1 Rxd6 42. Nf5+ Kg5 43. Nxd6 Kf4 44. Nxb7 1-0

[Event "Cappelle Online Blitz op"]
[Site "Europe Echecs INT"]
[Date "2022.01.09"]
[Round "4"]
[White "Zargarov, Mikayel"]
[Black "Benmesbah, Natacha"]
[Result "0-1"]
[WhiteElo "1878"]
[BlackElo "2221"]
[PlyCount "118"]
[EventDate "2022.01.09"]
[EventType "swiss (blitz)"]
[EventRounds "11"]
[EventCountry "FRA"]
[SourceTitle "EXT 2023"]
[Source "ChessBase"]
[SourceDate "2022.10.05"]
[SourceVersion "1"]
[SourceVersionDate "2022.10.05"]
[SourceQuality "1"]

1. d4 d6 2. c4 e5 3. dxe5 dxe5 4. Qxd8+ Kxd8 5. Nc3 c6 6. e4 Be6 7. f4 exf4 8. Bxf4 Nd7 9. 0-0-0 Ngf6 10. Nf3 h6 11. Nd4 Bg4 12. Be2 Kc8 13. h3 Bxe2 14. Ndxe2 g5 15. Bg3 Bc5 16. Rhf1 Rh7 17. e5 Nh5 18. Bh2 Be3+ 19. Kc2 Nc5 20. Rf3 Bf4 21. Nxf4 gxf4 22. Bxf4 Nxf4 23. Rxf4 Ne6 24. Rf6 Kc7 25. Ne4 Rg8 26. Rf2 Rhg7 27. g3 c5 28. Rd6 b6 29. Rfd2 Nd4+ 30. Kd1 Rg6 31. Rf2 R8g7 32. Rff6 h5 33. Rxg6 fxg6 34. Ng5 Rg8 35. Rf6 Nf5 36. Rf7+ Kb8 37. Ne6 Ne3+ 38. Ke2 Nxc4 39. b3 Nxe5 40. Re7 Nc6 41. Rd7 Re8 42. Rd6 Rxe6+ 43. Rxe6 Nd4+ 44. Ke3 Nxe6 45. Ke4 Kc7 46. Ke5 Kd7 47. Kf6 Nf8 48. Kf7 Ne6 49. Kxg6 Nd4 50. Kxh5 Ke6 51. Kg6 b5 52. h4 c4 53. h5 Nf5 54. g4 Ne7+ 55. Kg7 c3 56. h6 c2 57. h7 c1Q 58. h8Q Qg5+ 59. Kf8 Ng6+ 0-1

[Event "Cappelle Online Blitz op"]
[Site "Europe Echecs INT"]
[Date "2021.03.07"]
[Round "6"]
[White "Zargarov, Mikayel"]
[Black "Roumegous, Adrien"]
[Result "1-0"]
[WhiteElo "1725"]
[BlackElo "1330"]
[PlyCount "37"]
[EventDate "2021.03.07"]
[EventType "swiss (blitz)"]
[EventRounds "11"]
[EventCountry "FRA"]
[SourceTitle "CBM 201 Extra"]
[Source "ChessBase"]
[SourceDate "2021.05.31"]
[SourceVersion "1"]
[SourceVersionDate "2021.05.31"]
[SourceQuality "1"]

1. d4 d5 2. Nf3 Nf6 3. Bf4 e6 4. e3 Nbd7 5. Nbd2 Nh5 6. Bg5 Nhf6 7. Bd3 Be7 8. c3 c5 9. h4 h6 10. Bf4 c4 11. Bc2 0-0 12. Ne5 Nxe5 13. dxe5 Nd7 14. Nf3 b5 15. Nd4 Qb6 16. g4 b4 17. g5 hxg5 18. hxg5 Re8 19. Rh8+ 1-0

[Event "Cappelle Online Blitz op"]
[Site "Europe Echecs INT"]
[Date "2021.03.07"]
[Round "11"]
[White "Zargarov, Mikayel"]
[Black "Sumarriva Paulin, Laura"]
[Result "0-1"]
[WhiteElo "1725"]
[BlackElo "2006"]
[PlyCount "22"]
[EventDate "2021.03.07"]
[EventType "swiss (blitz)"]
[EventRounds "11"]
[EventCountry "FRA"]
[SourceTitle "CBM 201 Extra"]
[Source "ChessBase"]
[SourceDate "2021.05.31"]
[SourceVersion "1"]
[SourceVersionDate "2021.05.31"]
[SourceQuality "1"]

1. d4 d5 2. Nf3 c5 3. dxc5 e6 4. b4 a5 5. c3 axb4 6. cxb4 Qf6 7. Qd4 Nc6 8. Qxf6 Nxf6 9. b5 Nb4 10. Kd1 Bxc5 11. e3 Ne4 0-1

[Event "Cappelle Online Rapid op"]
[Site "Europe Echecs INT"]
[Date "2021.03.06"]
[Round "4"]
[White "Zargarov, Mikayel"]
[Black "Mallassagne, Francois Eric"]
[Result "0-1"]
[WhiteElo "1725"]
[BlackElo "2149"]
[PlyCount "76"]
[EventDate "2021.03.06"]
[EventType "swiss (rapid)"]
[EventRounds "9"]
[EventCountry "FRA"]
[SourceTitle "CBM 201 Extra"]
[Source "ChessBase"]
[SourceDate "2021.05.31"]
[SourceVersion "1"]
[SourceVersionDate "2021.05.31"]
[SourceQuality "1"]

1. d4 d5 2. Nf3 Nf6 3. Bf4 Bg4 4. e3 e6 5. c4 Nbd7 6. Nc3 Be7 7. Qb3 0-0 8. cxd5 exd5 9. Nxd5 Nxd5 10. Qxd5 Bb4+ 11. Nd2 c6 12. Qb3 Qa5 13. e4 Nf6 14. Bd3 Rfe8 15. f3 Be6 16. Qd1 Rad8 17. a3 Bf8 18. b4 Qb6 19. Be3 a5 20. bxa5 Qxa5 21. Kf2 c5 22. d5 b5 23. Nb3 Qc7 24. Rc1 c4 25. Nd4 Bxd5 26. exd5 Nxd5 27. Nxb5 Qe7 28. Bd2 cxd3 29. Re1 Qb7 30. Nc3 Bxa3 31. Rb1 Bc5+ 32. Kf1 Qd7 33. Qb3 Ne3+ 34. Bxe3 Bxe3 35. Rbd1 d2 36. Re2 Qd3 37. Qa3 Bd4 38. Nb1 Qxe2# 0-1

[Event "C'Chartres Blitz op"]
[Site "Europe Echecs INT"]
[Date "2020.11.28"]
[Round "5"]
[White "Zargarov, Mikayel"]
[Black "Lambach, Maxime"]
[Result "0-1"]
[WhiteElo "1725"]
[BlackElo "1962"]
[PlyCount "68"]
[EventDate "2020.11.28"]
[EventType "swiss (blitz)"]
[EventRounds "11"]
[EventCountry "FRA"]
[SourceTitle "CBM 199 Extra"]
[Source "ChessBase"]
[SourceDate "2021.01.31"]
[SourceVersion "1"]
[SourceVersionDate "2021.01.31"]
[SourceQuality "1"]

1. d4 d5 2. Nf3 Nf6 3. Bf4 c5 4. e3 Nc6 5. Nbd2 Bf5 6. c3 Qb6 7. Qc1 h6 8. Ne5 e6 9. a4 c4 10. Be2 Be7 11. 0-0 0-0 12. Bf3 Rfd8 13. Re1 Nxe5 14. Bxe5 Ne4 15. Bxe4 Bxe4 16. Nxe4 dxe4 17. Qc2 Qc6 18. Rf1 b6 19. f3 exf3 20. Rxf3 Bd6 21. Bg3 a6 22. Raf1 Ra7 23. e4 b5 24. e5 Bf8 25. Qf2 Rdd7 26. axb5 axb5 27. Qc2 b4 28. Bh4 bxc3 29. bxc3 Qa4 30. Qd2 Qb3 31. Rg3 Kh8 32. Qf4 Ra2 33. Qg4 Qc2 34. Bf6 Qh7 0-1

[Event "EU Union-ch U12 17th"]
[Site "Mureck"]
[Date "2019.07.31"]
[Round "1"]
[White "Zargarov, Mikayel"]
[Black "Wielander, Magdalena"]
[Result "1-0"]
[WhiteElo "1599"]
[BlackElo "1182"]
[PlyCount "39"]
[EventDate "2019.07.31"]
[EventType "swiss"]
[EventRounds "9"]
[EventCountry "AUT"]
[SourceTitle "EXT 2020"]
[Source "ChessBase"]
[SourceDate "2019.10.17"]
[SourceVersion "1"]
[SourceVersionDate "2019.10.17"]
[SourceQuality "1"]

1. Nf3 d5 2. e3 Nc6 3. c4 Nf6 4. Nc3 e5 5. cxd5 Nxd5 6. Bb5 Nxc3 7. bxc3 Bg4 8. Qa4 Qd5 9. Bxc6+ bxc6 10. Qxg4 Rb8 11. 0-0 g6 12. c4 Qc5 13. d4 Qxc4 14. Nxe5 Bd6 15. Nxc4 0-0 16. e4 Rfe8 17. Nxd6 cxd6 18. Bh6 f6 19. Qd7 Kh8 20. Qg7# 1-0